000 00803 a2200217 4500
003 BJBSDDR
005 20260407162112.0
007 ta
008 260407b2023 nyu||||| |||| 00| 0 eng d
020 _a9780241994573
040 _beng
_cBJBSDDR
041 _aeng
050 _bD261 2023
100 1 _aDavis, Angela Y.
_q(Angela Yvonne),
_d1944-
_917340
245 _a AUTOBIOGRAPHY :
_cANGELA Y. DAVIS ,
260 _aPENGUIN BOOKS ;
_bS.l ,
_c2021.
300 _a420 pages ;
_c20 cm.
520 _aAngela Yvonne Davis is an American Marxist and feminist political activist, philosopher, academic, author and social theorist. She is Distinguished Professor Emerita of Feminist Studies and History of Consciousness at the University of California, Santa Cruz.
942 _2lcc
_cBK
_n0
946 _isba
999 _c126754
_d126754